[Event "World Senior chT-65 2019"]
[Site "Rhodes"]
[Date "2019.04.17"]
[Round "2.6"]
[White "Stebbings, Anthony J"]
[Black "Beltz, Robert"]
[Result "1/2-1/2"]
[WhiteElo "2281"]
[BlackElo "2158"]
[Annotator "TA"]
[PlyCount "85"]
[EventDate "2019.04.16"]
[EventType "team-tourn"]
[EventCountry "GRE"]
[SourceTitle "playchess.com"]
[Source "ChessBase"]
[SourceQuality "1"]
[WhiteTeam "England"]
[BlackTeam "Germany"]
[WhiteTeamCountry "ENG"]
[BlackTeamCountry "GER"]

{[%evp 12,85,59,62,117,102,107,98,137,106,114,98,123,92,106,58,75,10,40,27,77,21,31,0,0,10,36,36,23,18,65,0,0,0,0,-70,-34,-43,24,25,92,95,152,85,97,47,91,23,110,65,54,41,121,85,89,8,54,82,117,112,529,515,1064,1065,1013,1024,1577,0,0,0,0,0,0,0,0,0]} 1. d4 d5 2. c4 c6 3. Nf3 Nf6 4. Nc3 g6 5. cxd5 Nxd5 6. e4 Nxc3 7. bxc3 Bg4 {D90: Grünfeld: 4 Nf3 Bg7 sidelines} ({Better is} 7... Bg7 $14) (7... Bg7 8. Bc4 O-O 9. O-O b6 10. Bg5 Qc7 11. Re1 Ba6 12. Bxa6 Nxa6 13. Qd3 Nb8 14. e5 e6 15. h4 c5 16. h5 cxd4 17. cxd4 {½-½ (66) Jobava,B (2646)-Cuartas,J (2458) Turin 2006}) 8. Bc4 {aiming for Ne5!} e6 9. h3 Qa5 $146 {White is better.} ({Predecessor:} 9... Bxf3 10. Qxf3 Bg7 11. e5 O-O 12. h4 Nd7 13. h5 c5 14. hxg6 fxg6 15. Bxe6+ Kh8 16. Rxh7+ {1-0 (16) Luciani,V (2212)-Ragnini,D (1834) Porto Sant Elpidio 2008}) 10. Bd2 ({Reject} 10. hxg4 $6 Qxc3+ 11. Qd2 (11. Bd2 Qxc4 12. Qe2 Qxe2+ 13. Kxe2 Nd7 $11) 11... Qxc4 $11) 10... Bxf3 11. Qxf3 Bg7 12. O-O O-O 13. Rad1 Nd7 14. Qg3 (14. e5 $16) 14... Rac8 15. Bb3 Qa6 16. Be3 (16. h4 $16) 16... c5 $11 17. Rd2 Qa5 18. Bf4 c4 19. Bd1 e5 20. dxe5 Nc5 21. Bc2 (21. Rd5 $1 $14) 21... Ne6 22. Rd5 Qxa2 23. Bb1 (23. Bd1 $1 $11) 23... Qb3 (23... Qb2 {with more complications.} 24. Be3 Qxc3 25. Rc1 Qb2 26. f4 Rfd8) 24. Rc1 Rc6 (24... Rfd8 $15) 25. Be3 $36 {[%mdl 2048] White has the initiative.} Qa3 (25... Nc7 $11 {remains equal.}) 26. f4 $16 Nc5 (26... Re8 $142) 27. Qe1 (27. f5 $142) 27... Rfc8 28. Qd1 Bf8 29. h4 ({White should try} 29. Qf3 $16) 29... Ne6 (29... Nb3 $11 {keeps the balance.} 30. Rc2 Bc5) 30. h5 Bc5 31. Bxc5 Rxc5 ({Black should play} 31... Nxc5 $14 32. f5 Re8) 32. hxg6 hxg6 33. g3 (33. Qd2 $16) 33... b5 34. Kg2 a5 35. Qd2 {f5 is the strong threat.} b4 $2 {[%mdl 8192]} (35... Rxd5 $16 {is a better chance.} 36. exd5 Nc5) 36. f5 $1 $18 {[%cal Rf5e6]} Nf8 (36... gxf5 $142 37. Rxc5 Nxc5) 37. Qh6 Qb2+ 38. Kf3 {Intending Rh1 and mate.} gxf5 {[#]} 39. Rxc5 $2 ({White has to play} 39. exf5 $1 $18 {[%mdl 512] White threatens f6! and mate.} Qxc1 40. Qxc1 Rxd5 41. Qg5+ Ng6 42. fxg6) 39... Rxc5 $11 {The position is equal.} 40. Qg5+ Ng6 41. Qd8+ Nf8 (41... Kg7 $5 42. Qf6+ $8 Kg8 43. Qd8+ {[#]} Kh7 $1 {[%mdl 512]} 44. Rh1+ Kg7 $1 {[%mdl 512]} 45. Qf6+ {[%mdl 64] Double Attack} Kg8 46. Qd8+ Kg7 $1 {[%mdl 512]} 47. Qf6+ {[%mdl 64] Double Attack} Kg8 48. Qd8+ Kg7 $1 $11 {[%mdl 512]}) 42. Qg5+ Ng6 43. Qd8+ {Accuracy: White = 33%, Black = 28%.} 1/2-1/2

[Event "World Senior chT-65 2019"]
[Site "Rhodes"]
[Date "2019.04.17"]
[Round "2.7"]
[White "Baumbach, Friedrich"]
[Black "Snape, Ian L"]
[Result "0-1"]
[WhiteElo "2089"]
[BlackElo "2154"]
[Annotator "TA"]
[PlyCount "62"]
[EventDate "2019.04.16"]
[EventType "team-tourn"]
[EventCountry "GRE"]
[SourceTitle "playchess.com"]
[Source "ChessBase"]
[SourceQuality "1"]
[WhiteTeam "Germany"]
[BlackTeam "England"]
[WhiteTeamCountry "GER"]
[BlackTeamCountry "ENG"]

{[%evp 16,62,-16,-31,0,0,0,0,0,-20,1,14,39,0,-12,-32,-35,-31,-20,-37,-20,-16,-25,-20,-8,-77,-81,-428,-429,-587,-587,-585,-560,-591,-564,-572,-585,-570,-520,-505,-493,-597,-556,-541,-554,-477,-460,-1849,-987]} 1. Nf3 c5 2. c4 Nc6 3. Nc3 g6 4. e3 Nf6 5. d4 cxd4 6. exd4 Bg7 7. Be2 d5 8. c5 O-O 9. O-O Bg4 {D94: Grünfeld: 4 Nf3 Bg7 5 e3} 10. h3 Bxf3 11. Bxf3 e6 {The position is equal.} (11... Qd7 12. Be3 Rad8 13. a3 e5 14. dxe5 Nxe5 15. Bd4 Nc6 16. Ne2 Nxd4 17. Nxd4 {1-0 (25) Lputian,S (2634)-Tregubov,P (2636) playchess.com INT 2004}) 12. Bf4 Qd7 13. Rb1 Rfd8 $146 ({Predecessor:} 13... Ne4 14. Bxe4 dxe4 15. Bd6 Rfd8 16. d5 Nb4 17. Qb3 Nxd5 18. Nxd5 exd5 19. Qxd5 {0-1 (80) Mokriy,A-Melnichuk,M Dnipropetrovsk 2003}) 14. Qd2 ({White should try} 14. b4 $14) 14... Ne4 $11 15. Bxe4 dxe4 16. Nxe4 Qxd4 17. Qe2 h6 $36 {[%mdl 2048] Black fights for an advantage.} 18. Rfd1 Qa4 19. b3 Nd4 20. Qe3 (20. Qd2 $11 Qa6 21. Bd6) 20... Qxa2 $17 21. Bxh6 $2 {[%mdl 8192]} (21. Bd6 $17 {is tougher.} b6 22. Bc7 (22. Nc3 Qc2 $17)) 21... Nf5 $1 $19 {[%csl LRe3,LRh6][%mdl 64] [#] Double Attack. Black is clearly winning.} 22. Qg5 Rxd1+ 23. Rxd1 Bxh6 24. Rd8+ Rxd8 25. Qxd8+ Bf8 {And now ...Qb1+ would win.} 26. Nf6+ Kg7 {aiming for ...Qa1+.} 27. Ne8+ {[#]} Kh6 $1 28. Nf6 Bg7 {White must now prevent ...Qa1+.} 29. Ng4+ Kh7 30. Qc7 Nh6 31. Nxh6 (31. Qxb7 $142 Qb1+ 32. Kh2) 31... Qa1+ {Accuracy: White = 32%, Black = 55%.} 0-1

[Event "World Senior chT-65 2019"]
[Site "Rhodes"]
[Date "2019.04.17"]
[Round "2.8"]
[White "Quinn, John M"]
[Black "Just, Joachim"]
[Result "1/2-1/2"]
[WhiteElo "2140"]
[BlackElo "1970"]
[Annotator "RC"]
[PlyCount "90"]
[EventDate "2019.04.16"]
[EventType "team-tourn"]
[EventCountry "GRE"]
[SourceTitle "playchess.com"]
[Source "ChessBase"]
[SourceQuality "1"]
[WhiteTeam "England"]
[BlackTeam "Germany"]
[WhiteTeamCountry "ENG"]
[BlackTeamCountry "GER"]
[TimeControl "40/5400+30:1800+30"]

1. d4 {[%emt 0:00:00]} d5 {[%emt 0:00:00]} 2. c4 {[%emt 0:00:00]} c6 {[%emt 0:00:04]} 3. Nf3 {[%emt 0:00:00]} Nf6 {[%emt 0:00:13]} 4. e3 {[%emt 0:00:00]} g6 {[%emt 0:00:27]} 5. Nc3 {[%emt 0:00:00]} Bg4 {[%emt 0:00:49]} 6. cxd5 {[%emt 0:05:15]} Nxd5 {[%emt 0:02:18]} 7. Be2 {[%emt 0:05:10]} Bg7 {[%emt 0:02:01]} 8. O-O {[%emt 0:03:41]} e6 {[%emt 0:03:17]} 9. e4 {[%emt 0:02:12]} Nb6 {[%emt 0:02:13]} 10. Bg5 {[%emt 0:12:18]} Qd7 {[%emt 0:02:41]} 11. e5 {[%emt 0:02:21]} h6 {[%emt 0:03:44]} 12. Be3 {[%emt 0:03:11]} O-O {[%emt 0:07:05]} 13. Ne4 {[%emt 0:04:11]} Bxf3 {[%emt 0:02:40]} 14. Bxf3 {[%emt 0:01:56]} Qe7 {[%emt 0:02:24]} 15. Qb3 {[%emt 0:10:00]} N8d7 {[%emt 0:05:39]} 16. Rac1 {[%emt 0:06:23]} Rab8 {[%emt 0:02:52]} 17. Bd2 {[%emt 0:04:21]} Nd5 {[%emt 0:02:56]} 18. Rfe1 {[%emt 0:03:33]} Rfd8 {[%emt 0:02:33]} 19. a4 {[%emt 0:01:58]} N7b6 {[%emt 0:03:42]} 20. a5 {[%emt 0:01:33]} Na8 {[%emt 0:02:17]} 21. Nc5 {[%emt 0:13:56]} Qc7 {[%emt 0:04:02]} 22. Qd3 {[%emt 0:01:39]} Qe7 {[%emt 0:02:36]} 23. Qe4 {[%emt 0:01:20]} Nac7 {[%emt 0:01:25]} 24. Rc2 {[%emt 0:00:53]} a6 {[%emt 0:03:53]} 25. Be2 {[%emt 0:01:42]} Nb5 {[%emt 0:01:25]} 26. Bc4 {[%emt 0:01:06]} Ndc7 {[%emt 0:06:35]} 27. Bc3 {[%emt 0:02:59]} Nd5 {[%emt 0:02:28]} 28. f4 {[%emt 0:01:51]} Qc7 {[%emt 0:02:42]} 29. Bxb5 {[%emt 0:01:11]} cxb5 {[%emt 0:01:22]} 30. Bd2 {[%emt 0:00:43]} Qe7 {[%emt 0:01:34]} 31. Rec1 {[%emt 0:00:51]} Bf8 {[%emt 0:02:21]} 32. Qf3 {[%emt 0:02:28]} Qh4 {[%emt 0:02:17]} 33. Ne4 {[%emt 0:01:29]} Be7 {[%emt 0:00:52]} 34. g3 {[%emt 0:01:08]} Qh3 {[%emt 0:04:34]} 35. Nf2 {[%emt 0:03:05]} Qh5 {[%emt 0:01:21]} 36. g4 {[%emt 0:00:17]} Qh4 {[%emt 0:00:11]} 37. Nd3 {[%emt 0:01:44]} h5 {[%emt 0:00:50]} 38. h3 {[%emt 0:00:51]} hxg4 {[%emt 0:01:07]} 39. hxg4 {[%emt 0:00:18]} Qh7 {[%emt 0:02:05]} 40. Kg2 {[%emt 0:00:00]} Qg7 {[%emt 0:00:00]} 41. g5 {[%emt 0:05:03]} Qf8 {[%emt 0:04:01]} 42. Nf2 {[%emt 0:03:02]} Rbc8 {[%emt 0:00:59]} 43. Ne4 {[%emt 0:01:40]} Rxc2 {[%emt 0:06:07]} 44. Rxc2 {[%emt 0:00:03]} Bb4 {[%emt 0:02:00]} 45. Kh1 {[%emt 0:09:47]} Kg7 {[%emt 0:02:02]} 1/2-1/2

[Event "World Senior chT-65 2019"]
[Site "Rhodes"]
[Date "2019.04.17"]
[Round "2.9"]
[White "Herzog, Adolf"]
[Black "Knaak, Rainer"]
[Result "0-1"]
[WhiteElo "2337"]
[BlackElo "2482"]
[Annotator "TA"]
[PlyCount "88"]
[EventDate "2019.04.16"]
[EventType "team-tourn"]
[EventCountry "GRE"]
[SourceTitle "playchess.com"]
[Source "ChessBase"]
[SourceQuality "1"]
[WhiteTeam "Austria"]
[BlackTeam "Germany"]
[WhiteTeamCountry "AUT"]
[BlackTeamCountry "GER"]

{[%evp 13,88,13,16,-2,15,13,12,7,10,8,35,36,47,39,41,45,91,-12,-10,-7,-16,-40,12,14,12,0,0,-27,-41,-233,-245,-288,-181,-232,-241,-233,-112,-667,-366,-541,-173,-153,-116,-106,-80,-113,-107,-135,-128,-184,-103,-258,-232,-426,-9,-9,0,0,0,0,0,0,0,0,8,-868,-846,-1347,-1347,-830,-819,-816,-735,-1756,-1485,-1265,-1111]} 1. d4 d5 2. Nf3 Nf6 3. c3 c5 4. e3 e6 5. Bd3 Nbd7 6. Nbd2 Bd6 7. O-O O-O 8. b3 {D05: Colle System with ...e6} (8. Re1 Qc7 9. e4 cxd4 10. cxd4 dxe4 11. Nxe4 Bb4 12. Bd2 Bxd2 13. Qxd2 b6 14. Rac1 Qb8 15. Ne5 Bb7 16. Nxf6+ Nxf6 17. Re3 Qd8 18. Rce1 Nd5 19. Rg3 {0-1 (29) Flores,D (2609)-Martinez Alcantara,J (2541) Antofagasta 2019}) 8... e5 9. dxe5 Nxe5 10. Nxe5 {The position is equal.} Bxe5 11. Bb2 Qc7 12. f4 $146 ({Predecessor:} 12. Nf3 Bg4 13. h3 Bxf3 14. Qxf3 c4 15. Bc2 b5 {½-½ (38) Ereza Vizcarra,F (2035)-Gorbatov,A (2375) San Sebastian 2016}) 12... Bd6 13. c4 {Bxf6 is the strong threat.} d4 14. Qf3 Re8 15. Rae1 (15. e4 $1 $16) 15... Qa5 $36 {[%mdl 2048] Black is more active.} 16. Qd1 Bg4 (16... dxe3 $2 17. Bxf6 e2 18. Rxe2 $18) 17. Nf3 Rxe3 ({Black should try} 17... Qxa2 $15 18. Qc2 Qa5) 18. Rxe3 dxe3 19. Bxf6 gxf6 20. Bxh7+ Kg7 21. Bb1 $2 ({Not} 21. Qxd6 $2 e2 $19) (21. h3 $1 $15 Bxf4 22. hxg4 Kxh7 23. Qd3+ Kg7 24. Qe4) 21... Bxf4 $19 22. Qd3 Rh8 23. h3 (23. Qe4 {is the only way for White.} e2 24. Qxf4 exf1=Q+ 25. Kxf1) 23... Bxf3 24. Rxf3 Qc7 (24... Bg5 $19 {And now ...Rd8 would win.} 25. Rxe3 Bxe3+ 26. Qxe3 Qc7) 25. Kf1 $2 {[%mdl 8192]} (25. Qf5 $17 Bg5 26. Bd3) 25... Bg5 26. Kg1 (26. Rxe3 {might work better.} Bxe3 27. Qxe3) 26... Qe5 $2 (26... Rd8 27. Qh7+ Kf8) 27. Rf5 Qb2 28. Bc2 b6 29. a4 Qa1+ 30. Rf1 Qe5 31. Rf5 {[#]} (31. Qe2 $17 {keeps fighting.}) 31... Qe7 (31... Qg3 $1 $19 32. Rf3 Qe1+ 33. Rf1 {[#]} Qg3 $1 {[%mdl 512]}) 32. Kf1 $2 (32. Qe2 $17) 32... Rh4 33. Rd5 $2 (33. Ke2 {was necessary.} Qc7 34. Qd5) 33... Qe6 $2 (33... Qc7 $19 34. Rxg5+ fxg5 35. Qc3+ Rd4 36. Qxe3 Rf4+ 37. Ke1 Kf8) 34. Ke2 $1 $11 Rh6 35. Qc3 {Hoping for Rxg5+.} Bf4 36. Bf5 Qe8 37. Qd3 Rh8 38. Kf3 Bg5 39. Be4 $2 {[%mdl 8192]} (39. g3 $11) 39... Rh4 $19 {White must now prevent ...Rxe4!Black is clearly winning.} 40. g4 Rxh3+ 41. Kg2 Rh4 42. Bf3 Qb8 {( -> ...Qh2+)} 43. Rd6 Bf4 44. Rd7 Qe5 {Accuracy: White = 33%, Black = 37%.} 0-1

[Event "World Senior chT-65 2019"]
[Site "Rhodes"]
[Date "2019.04.17"]
[Round "2.10"]
[White "Vogt, Lothar"]
[Black "Petschar, Kurt"]
[Result "1/2-1/2"]
[WhiteElo "2362"]
[BlackElo "2226"]
[Annotator "TA"]
[PlyCount "68"]
[EventDate "2019.04.16"]
[EventType "team-tourn"]
[EventCountry "GRE"]
[SourceTitle "playchess.com"]
[Source "ChessBase"]
[SourceQuality "1"]
[WhiteTeam "Germany"]
[BlackTeam "Austria"]
[WhiteTeamCountry "GER"]
[BlackTeamCountry "AUT"]

{[%evp 14,68,21,0,10,0,0,0,0,0,0,0,0,0,-3,-10,0,0,0,0,0,0,0,-26,11,0,0,0,0,0,0,0,0,0,0,-25,-14,-10,-17,-17,-5,-10,0,0,0,0,0,0,0,0,0,0,0,0,0,0,0]} 1. e4 e6 2. d4 d5 3. Nc3 Nf6 4. Bg5 dxe4 5. Nxe4 Be7 6. Bxf6 gxf6 7. Nf3 f5 8. Nc3 a6 {C13: French: Classical System: 4 Bg5 Be7, Alekhine-Chatard Attack} 9. g3 (9. Qd2 b5 10. O-O-O b4 11. Na4 Qd5 12. b3 Bd7 13. Bc4 Qd6 14. d5 e5 15. Rhe1 e4 16. Nd4 {1-0 (40) Carlsen,M (2832)-Grischuk,A (2750) chess.com INT 2017}) 9... b5 10. Bg2 {[#] aiming for Ne5.} Bb7 11. O-O c5 12. dxc5 Qxd1 13. Rfxd1 Bxc5 14. Ne5 Bxg2 15. Kxg2 Be7 16. a4 b4 $146 17. Na2 Ra7 18. Rd4 Rb7 19. Nd3 {[%cal Ra2b4]} b3 20. cxb3 Rxb3 21. Rd1 O-O 22. Nac1 Rb7 23. Rc4 Rd8 24. Nc5 {[#] Black must now prevent Rxd8+.} Rc8 25. Nxb7 {The position is equal.} Rxc4 26. b3 Rc3 (26... Rc7 $5 27. Na5 $8 Kg7 $11) 27. Na5 Nc6 28. Ne2 Rc2 29. Nxc6 Rxc6 $11 {KRB-KRN} 30. Rc1 Rb6 31. Nd4 Bf6 32. Rc4 Bxd4 33. Rxd4 Rxb3 34. Rd6 f4 {Accuracy: White = 65%, Black = 78%.} 1/2-1/2

[Event "World Senior chT-65 2019"]
[Site "Rhodes"]
[Date "2019.04.17"]
[Round "2.11"]
[White "Singer, Hans"]
[Black "Kiefer, Gerhard"]
[Result "0-1"]
[WhiteElo "2195"]
[BlackElo "2279"]
[Annotator "TA"]
[PlyCount "84"]
[EventDate "2019.04.16"]
[EventType "team-tourn"]
[EventCountry "GRE"]
[SourceTitle "playchess.com"]
[Source "ChessBase"]
[SourceQuality "1"]
[WhiteTeam "Austria"]
[BlackTeam "Germany"]
[WhiteTeamCountry "AUT"]
[BlackTeamCountry "GER"]

{[%evp 13,84,0,15,-14,28,0,14,0,0,0,0,0,36,14,59,4,13,0,12,0,0,-7,75,0,0,0,0,-149,-168,-162,-164,-158,-163,-165,-84,-97,-12,-31,-44,-146,-153,-263,-286,-274,-235,-229,-164,-248,-236,-231,-91,-124,-141,-115,-110,-112,-93,-123,-75,-157,-124,-401,-173,-327,-315,-772,-690,-800,-789,-4133,-4133,-1838,-1826]} 1. d4 Nf6 2. Nf3 g6 3. c4 Bg7 4. Nc3 O-O 5. e4 d6 6. h3 e5 7. dxe5 dxe5 8. Be3 {E90: King's Indian: Classical: Early deviations and 6 h3} (8. Qxd8 Rxd8 9. Bg5 Na6 10. Nd5 Rd6 11. Bxf6 Bxf6 12. Rc1 b6 13. b4 c6 14. Nxf6+ Rxf6 15. a3 c5 16. b5 Nc7 17. Rd1 a6 18. Rd8+ {0-1 (44) Wang,Y (2690)-Saric,I (2669) Riadh 2017}) 8... Qe7 9. Qc2 Rd8 10. Nd5 {The position is equal.} Nxd5 11. cxd5 c6 12. Bc4 b5 $146 ({Predecessor:} 12... cxd5 13. Bxd5 Na6 14. a3 Be6 15. Bxe6 Qxe6 {½-½ (35) Geler,A (2220)-Sedlak,N (2571) Cetinje 2013}) 13. Bb3 Bb7 {[%cal Rc6d5]} 14. Rd1 (14. d6 $14 Rxd6 15. Bc5) 14... cxd5 $11 15. exd5 a5 {[%cal Ba7a5,Ba5a4][%mdl 32] And now ...a4 would win.} 16. a3 a4 17. Ba2 Na6 (17... Qd6 $11) 18. Bg5 (18. Ng5 $16) 18... Bf6 19. Bxf6 Qxf6 20. Qe4 (20. O-O $1 $11) 20... Nc5 $36 {[%mdl 2048] Black is on the roll.} 21. Qh4 Qxh4 22. Nxh4 e4 23. O-O {[#]} Rd6 (23... b4 $1 $19 {[%mdl 512]} 24. axb4 Nd3 {[%mdl 64] Double Attack}) 24. f3 f5 (24... Rad8 $17 25. fxe4 Nxe4) 25. fxe4 fxe4 {Strongly threatening ...Rad8.} 26. g4 (26. Rd4 $15) 26... Nd3 27. Bb1 (27. Ng2 $17 {was worth a try.}) 27... Nxb2 $19 28. Rd4 e3 (28... Rxd5 29. Rxe4 Rdd8 30. Re5 $17) 29. Ng2 Nc4 ({Worse is} 29... Bxd5 30. Nxe3 Rad8 31. Nxd5 $11) (29... Rxd5 30. Ba2 $17) 30. Ba2 (30. Bd3 $142) 30... Nd2 ({Don't do} 30... Nxa3 31. Nxe3 Re8 32. Rf3 $17) ({Less strong is} 30... Rxd5 31. Rxc4 bxc4 32. Bxc4 $17) 31. Rff4 Re8 (31... Nb3 $19 {and Black stays clearly on top.} 32. Bxb3 axb3 33. Nxe3 b2) 32. Nxe3 {[%mdl 64] Remove Defender} Rxe3 {[%mdl 64] Double Attack} 33. Rxd2 Rxa3 34. h4 Rc3 35. g5 Rc7 36. Rf6 ({White should play} 36. Rb2) 36... Rcd7 {Threatens to win with ...Rxf6.} 37. Rd4 $2 {[%mdl 8192]} (37. Rf4 $17 {only move.}) 37... Kg7 (37... Rxf6 $142 38. gxf6 Kf7) 38. Rb4 $2 (38. Rxd6 Rxd6 39. Kf2) 38... Bxd5 39. Rxd6 $2 (39. Bxd5 Rxd5 40. Ra6) 39... Rxd6 {Black is clearly winning.} 40. Rd4 Bxa2 41. Rxd6 b4 42. Rd7+ Kf8 {Accuracy: White = 21%, Black = 33%.} 0-1

[Event "World Senior chT-65 2019"]
[Site "Rhodes"]
[Date "2019.04.17"]
[Round "2.12"]
[White "Buchal, Stephan"]
[Black "Ager, Josef"]
[Result "1-0"]
[WhiteElo "2283"]
[BlackElo "2122"]
[Annotator "TA"]
[PlyCount "65"]
[EventDate "2019.04.16"]
[EventType "team-tourn"]
[EventCountry "GRE"]
[SourceTitle "playchess.com"]
[Source "ChessBase"]
[SourceQuality "1"]
[WhiteTeam "Germany"]
[BlackTeam "Austria"]
[WhiteTeamCountry "GER"]
[BlackTeamCountry "AUT"]

{[%evp 9,65,-4,1,0,14,10,30,22,23,17,29,22,21,21,29,21,76,29,40,35,42,35,37,54,51,38,66,50,173,179,166,176,168,141,173,177,179,179,198,186,196,191,195,187,189,191,197,194,213,208,242,237,252,264,711,772,695,457]} 1. c4 g6 2. g3 Bg7 3. Bg2 d6 4. Nc3 Nc6 5. e4 f5 6. d3 {A10: English Opening: Unusual Replies for Black} Nf6 7. Nge2 fxe4 8. dxe4 {White has an edge.} O-O 9. O-O e5 10. Nd5 Be6 (10... Bg4 11. h3 Bxe2 12. Qxe2 Nd4 13. Qd3 Nd7 14. Be3 c6 15. Nc3 Nc5 16. Qd1 a5 17. f4 {½-½ (35) Ponkratov,P (2605)-Kobalia,M (2599) Kolomna 2018}) 11. Bg5 Qd7 12. Qd2 Rac8 (12... Rf7 $11) 13. Rad1 $146 ({Predecessor:} 13. f4 Ne8 14. Rad1 Bh3 15. b4 Bxg2 16. Kxg2 {1-0 (31) Navrotescu,A (2253)-Aumont,T (1713) Nantes 2015}) 13... Kh8 14. b4 Bh3 {Black wants to play ...Bxg2.} 15. f3 Bxg2 16. Kxg2 a6 17. a3 Nd8 18. Qb2 Ne6 (18... Qf7 $14) 19. Bxf6 $18 Bxf6 20. Nxf6 Rxf6 {[#]} 21. Qxe5 $1 {[%mdl 576] Pin} Rcf8 (21... dxe5 22. Rxd7) 22. Qc3 Kg8 23. Qd3 R6f7 24. f4 Qe8 25. Nc3 a5 26. Rd2 axb4 27. axb4 Qc8 28. Rdf2 Ng7 29. Nd5 c6 30. Ne3 Qe6 31. f5 Qe5 $2 {[#]} (31... gxf5 32. exf5 Qf6) 32. Ng4 Qe8 33. Nh6+ {Accuracy: White = 85%, Black = 36%.} 1-0

[Event "World Senior chT-65 2019"]
[Site "Rhodes"]
[Date "2019.04.17"]
[Round "2.13"]
[White "Opl, Klaus"]
[Black "Westerinen, Heikki M.J."]
[Result "1/2-1/2"]
[WhiteElo "2188"]
[BlackElo "2286"]
[Annotator "TA"]
[PlyCount "92"]
[EventDate "2019.04.16"]
[EventType "team-tourn"]
[EventCountry "GRE"]
[SourceTitle "playchess.com"]
[Source "ChessBase"]
[SourceQuality "1"]
[WhiteTeam "Austria"]
[BlackTeam "Finland"]
[WhiteTeamCountry "AUT"]
[BlackTeamCountry "FIN"]

{[%evp 20,92,76,76,82,79,68,71,106,102,83,28,92,95,76,50,64,53,67,50,75,70,70,27,37,46,55,54,54,68,98,98,122,94,105,25,54,20,16,8,8,8,8,22,8,12,10,0,64,0,62,46,43,0,0,0,0,0,0,0,0,0,0,0,0,0,0,0,0,0,0,0,0,0,0]} 1. d4 Nf6 2. c4 g6 3. Nc3 Bg7 4. e4 d6 5. Bd3 O-O 6. Nge2 e5 7. d5 Nbd7 8. f3 Nc5 9. Bc2 a5 10. Bg5 h6 11. Be3 c6 $146 {E70: King's Indian: Miscellaneous lines with 4 e4, including 5 Nge2 and 5 Bd3 0-0 6 Nge2} ({Predecessor:} 11... Nfd7 12. g4 Nb6 13. b3 f5 14. gxf5 gxf5 15. exf5 Bxf5 16. Bxf5 Rxf5 17. Ng3 Rf7 18. Nce4 Nbd7 19. Qe2 {1-0 (57) Del Amo Carbo,J (2106)-Martinez Lopez,I (2243) Barcelona 2017}) 12. dxc6 bxc6 13. Qd2 $1 Kh7 {White is better.} 14. O-O-O {[#] Threatens to win with Bxc5.} Nb7 15. c5 (15. h4 $16) 15... dxc5 (15... d5 $11) 16. Qxd8 $16 Rxd8 17. Rxd8 Nxd8 18. Bxc5 Ne6 19. Be3 Nh5 20. Rd1 $36 {[%mdl 2048] White has good play.} Nhf4 21. g3 Nxe2+ 22. Nxe2 Ba6 23. Bd3 Bxd3 24. Rxd3 Nd4 25. Bxd4 ({Much weaker is} 25. Nxd4 exd4 26. Bf4 (26. Bxd4 $2 Rd8 $19) 26... a4 $14) 25... exd4 {[%mdl 4096] Endgame KRB-KRN} 26. Ra3 c5 27. b3 (27. Nf4 $16) 27... f5 28. exf5 gxf5 29. Nf4 Be5 30. Nd3 Bd6 $1 {...c4! is the strong threat.} 31. Ra4 Kg7 32. Rc4 Rc8 33. Ra4 Bc7 (33... Ra8 $11) 34. Rc4 ({White should play} 34. Kd2 $14) 34... Bb6 ({Better is} 34... Bd6 $11) 35. Nf4 Kf7 36. Nd3 Ke6 {The position is equal.} 37. Rc2 Kd6 38. Nb2 Re8 39. Kd1 Kd5 40. Re2 Rxe2 41. Kxe2 $11 {KB-KN} Bc7 42. Kd3 Bd6 43. Nc4 Bc7 44. Nd2 Bd6 45. Nc4 Bc7 46. Nd2 Bd6 {Accuracy: White = 55%, Black = 52%.} 1/2-1/2

[Event "World Senior chT-65 2019"]
[Site "Rhodes"]
[Date "2019.04.17"]
[Round "2.14"]
[White "Rantanen, Yrjo A."]
[Black "Woeber, Friedrich"]
[Result "1-0"]
[WhiteElo "2283"]
[BlackElo "2114"]
[Annotator "TA"]
[PlyCount "81"]
[EventDate "2019.04.16"]
[EventType "team-tourn"]
[EventCountry "GRE"]
[SourceTitle "playchess.com"]
[Source "ChessBase"]
[SourceQuality "1"]
[WhiteTeam "Finland"]
[BlackTeam "Austria"]
[WhiteTeamCountry "FIN"]
[BlackTeamCountry "AUT"]

{[%evp 12,81,10,-17,-20,-60,-67,-52,-60,-74,0,0,0,0,0,0,0,0,0,0,24,16,16,0,0,0,0,-9,3,0,0,-6,0,-6,10,18,33,35,43,45,128,136,127,18,48,15,28,29,21,35,20,20,22,14,35,21,50,48,95,97,179,177,177,174,171,174,168,164,157,158,163,158]} 1. e4 e5 2. Nf3 Nc6 3. Bb5 f5 4. Nc3 fxe4 5. Nxe4 Nf6 6. d3 d5 7. Ng3 Bd6 {C63: Ruy Lopez: Schliemann/Jaenisch Defence} 8. c3 O-O 9. O-O Ne7 {Black is slightly better.} 10. d4 $146 ({Predecessor:} 10. Ba4 c6 11. c4 h6 12. cxd5 cxd5 13. Bb3 {½-½ (13) Kochyev,A (2495)-Kuzmin,G (2530) St Petersburg 1992}) 10... Ng6 (10... e4 $17 11. Ne5 c6) 11. dxe5 $11 Nxe5 12. Be2 c6 13. Nxe5 Bxe5 14. Be3 Be6 15. Qa4 Qc7 16. Qh4 Ne8 17. Bd3 g6 18. Rae1 Ng7 19. Bh6 Bf6 20. Qa4 {[#] And now Bxg7 would win.} Bd7 21. Re2 a6 22. Rfe1 c5 23. Qd1 Rfe8 24. c4 Rxe2 25. Rxe2 Bc6 (25... Bd4 $14) 26. cxd5 $16 Bxd5 {[#]} 27. Ne4 ({Better is} 27. Bxg6 $1 $16 {[%mdl 512]} Bxa2 (27... hxg6 28. Qxd5+) 28. Bd3) 27... Bd4 28. Be3 {Threatens to win with Bxd4.} Rf8 29. Nc3 Be6 30. Bxd4 cxd4 31. Ne4 Bd5 32. g3 Nf5 33. Ng5 Qd8 34. Ne6 Bxe6 35. Rxe6 Re8 (35... Qd5 $16 36. Qe2 Rc8 37. Re8+ Rxe8 38. Qxe8+ Kg7) 36. Bxf5 $18 {White is clearly better.} gxf5 37. Rxe8+ Qxe8 38. Qxd4 Qc6 39. h3 Kf7 40. Qh8 Qg6 41. Qc8 {Accuracy: White = 64%, Black = 44%.} 1-0